Fiscal federalism : (Record no. 66911)
[ view plain ]
| 000 -LEADER | |
|---|---|
| fixed length control field | 00433nam a22001457a 4500 |
| 005 - DATE AND TIME OF LATEST TRANSACTION | |
| control field | 20180801132054.0 |
| 020 ## - INTERNATIONAL STANDARD BOOK NUMBER | |
| International Standard Book Number | 8177081020 |
| Terms of availability | 760.00 |
| 035 ## - SYSTEM CONTROL NUMBER | |
| System control number | B-219901, B-219907 |
| 037 ## - SOURCE OF ACQUISITION | |
| Stock number | DPL |
| Source of stock number/acquisition | ENG |
| 100 ## - MAIN ENTRY--PERSONAL NAME | |
| Personal name | Rao, Hemlata |
| 245 ## - TITLE STATEMENT | |
| Title | Fiscal federalism : |
| Remainder of title | Issues and policies / |
| Statement of responsibility, etc | by Hemlata Rao |
| 260 ## - PUBLICATION, DISTRIBUTION, ETC. (IMPRINT) | |
| Place of publication, distribution, etc | New Delhi |
| Name of publisher, distributor, etc | New Century Publications |
| Date of publication, distribution, etc | 2006 |
| 300 ## - PHYSICAL DESCRIPTION | |
| Extent | v, 355p. |
| Dimensions | 20 cms. |
| 942 ## - ADDED ENTRY ELEMENTS (KOHA) | |
| Source of classification or shelving scheme | Dewey Decimal Classification |
| Item type | English Books |
| Classification part | 336.54 |
| Call number suffix | RAO |
| Withdrawn status | Lost status | Not for loan | Collection code | Home library | Current library | Date acquired | Cost, normal purchase price | Full call number | Barcode | Cost, replacement price | Koha item type | Source of acquisition |
|---|---|---|---|---|---|---|---|---|---|---|---|---|
| Non-fiction | Sarojini Nagar | Sarojini Nagar | 19/05/2012 | 760.00 | 336.54 RAO | B-219901 | 760.00 | English Books | ||||
| Non-fiction | Shahdara Branch | Shahdara Branch | 01/08/2018 | 760.00 | 336.54 RAO | B-219907 | 760.00 | English Books | BPPD/PUB |
